MARC details
| 000 -LEADER |
| fixed length control field |
03317cam a2200433 a 4500 |
| 001 - CONTROL NUMBER |
| control field |
10122725 |
| 003 - CONTROL NUMBER IDENTIFIER |
| control field |
ARRUPE |
| 005 - DATE AND TIME OF LATEST TRANSACTION |
| control field |
20161124113534.0 |
| 008 - FIXED-LENGTH DATA ELEMENTS--GENERAL INFORMATION |
| fixed length control field |
120726s2012 qucb b 001 0 eng |
| 020 ## - INTERNATIONAL STANDARD BOOK NUMBER |
| International Standard Book Number |
9780773540439 (bound) |
| 020 ## - INTERNATIONAL STANDARD BOOK NUMBER |
| International Standard Book Number |
0773540431 (bound) |
| 020 ## - INTERNATIONAL STANDARD BOOK NUMBER |
| International Standard Book Number |
9780773540446 (pbk.) |
| 020 ## - INTERNATIONAL STANDARD BOOK NUMBER |
| International Standard Book Number |
077354044X (pbk.) |
| 024 ## - OTHER STANDARD IDENTIFIER |
| Standard number or code |
40021592515 |
| 035 ## - SYSTEM CONTROL NUMBER |
| System control number |
(OCoLC)793221972 |
| 035 ## - SYSTEM CONTROL NUMBER |
| System control number |
(OCoLC)ocn793221972 |
| 035 ## - SYSTEM CONTROL NUMBER |
| System control number |
(NNC)10122725 |
| 040 ## - CATALOGING SOURCE |
| Original cataloging agency |
NLC |
| Language of cataloging |
eng |
| Transcribing agency |
NLC |
| Modifying agency |
BTCTA |
| -- |
YDXCP |
| -- |
UKMGB |
| -- |
OCLCO |
| -- |
CDX |
| -- |
BWX |
| -- |
CUT |
| -- |
MUU |
| 043 ## - GEOGRAPHIC AREA CODE |
| Geographic area code |
f-rh--- |
| 050 #4 - LIBRARY OF CONGRESS CALL NUMBER |
| Classification number |
DT2996.A52 2012 |
| 300 ## - PHYSICAL DESCRIPTION |
| Dimensions |
24 cm. |
| 100 1# - MAIN ENTRY--PERSONAL NAME |
| Personal name |
Alao, Abiodun. |
| 9 (RLIN) |
27542 |
| 245 10 - TITLE STATEMENT |
| Title |
Mugabe and the politics of security in Zimbabwe / |
| Statement of responsibility, etc |
Abiodun Alao. |
| 260 ## - PUBLICATION, DISTRIBUTION, ETC. (IMPRINT) |
| Place of publication, distribution, etc |
Montreal : |
| Name of publisher, distributor, etc |
McGill-Queen's University Press, |
| Date of publication, distribution, etc |
c2012. |
| 300 ## - PHYSICAL DESCRIPTION |
| Extent |
xviii, 293 p.; |
| 504 ## - BIBLIOGRAPHY, ETC. NOTE |
| Bibliography, etc |
Includes bibliographical references and index. |
| 505 0# - FORMATTED CONTENTS NOTE |
| Formatted contents note |
Determining antecedents -- Zimbabwe's defence institutions: the politics of creation and intervention -- Mugabe and the politics of domestic security -- Contending with allies, rivals, and critics: Mugabe's security relations with Zimbabwe's immediate neighbours -- Mugabe and the politics of external military engagement -- Between East and West: Mugabe, Zimbabwe's security and non-African countries -- Mugabe, Zimbabwe's security, and international organizations. |
| 520 ## - SUMMARY, ETC. |
| Summary, etc |
"In 1980, the newly independent and democratic Zimbabwe was a beacon of hope in a troubled region. Three decades later, Zimbabwe became the focus of international attention for very different reasons: acrimonious racial relations, controversial elections, economic hardship, and military intervention in the Democratic Republic of the Congo. Mugabe and the Politics of Security in Zimbabwe argues that this unfortunate transition is intrinsically linked to the ways in which President Robert Mugabe used the politics of domestic and external security for his own gain. Abiodun Alao presents a comprehensive study of defense institutions, domestic security policy, and external use of military force during Mugabe's decades of rule. He identifies the role of personality in security and explains how the machinations of a self-perpetuating ruler shaped the economic and political dynamics of the struggling nation. He also provides analytical perspectives on Mugabe's transformations from a freedom fighter to a stable president of a relatively economically strong, independent country, and finally to an imprudent autocrat and international pariah. Nuanced, impassioned, and timely, Mugabe and the Politics of Security in Zimbabwe sheds new light on the effects of national security policy and develops a clear picture of the country's past, present, and future."-- |
| 600 10 - SUBJECT ADDED ENTRY--PERSONAL NAME |
| Personal name |
Mugabe, Robert Gabriel, |
| Dates associated with a name |
1924- |
| 9 (RLIN) |
17726 |
| 600 16 - SUBJECT ADDED ENTRY--PERSONAL NAME |
| Personal name |
Mugabe, Robert Gabriel, |
| Dates associated with a name |
1924- |
| 9 (RLIN) |
17726 |
| 650 #0 - SUBJECT ADDED ENTRY--TOPICAL TERM |
| Topical term or geographic name as entry element |
National security |
| Geographic subdivision |
Zimbabwe |
| General subdivision |
History. |
| 9 (RLIN) |
27543 |
| 650 #6 - SUBJECT ADDED ENTRY--TOPICAL TERM |
| Topical term or geographic name as entry element |
Sécurité nationale |
| Geographic subdivision |
Zimbabwe |
| General subdivision |
Histoire. |
| 9 (RLIN) |
27544 |
| 651 #0 - SUBJECT ADDED ENTRY--GEOGRAPHIC NAME |
| Geographic name |
Zimbabwe |
| General subdivision |
Foreign relations |
| Chronological subdivision |
1980- |
| 9 (RLIN) |
2465 |
| 651 #0 - SUBJECT ADDED ENTRY--GEOGRAPHIC NAME |
| Geographic name |
Zimbabwe |
| General subdivision |
Politics and government |
| Chronological subdivision |
1980- |
| 9 (RLIN) |
27545 |
| 651 #6 - SUBJECT ADDED ENTRY--GEOGRAPHIC NAME |
| Geographic name |
Zimbabwe |
| General subdivision |
Relations extérieures |
| Chronological subdivision |
1980- |
| 9 (RLIN) |
27546 |
| 651 #6 - SUBJECT ADDED ENTRY--GEOGRAPHIC NAME |
| Geographic name |
Zimbabwe |
| General subdivision |
Politique et gouvernement |
| Chronological subdivision |
1980- |
| 9 (RLIN) |
27547 |
| 942 ## - ADDED ENTRY ELEMENTS (KOHA) |
| Source of classification or shelving scheme |
Library of Congress Classification |
| Koha item type |
Monograph ( Printed materials) |
| 948 1# - LOCAL PROCESSING INFORMATION (OCLC); SERIES PART DESIGNATOR (RLIN) |
| Series part designator, SPT (RLIN) |
20130111 |
| b (OCLC) |
c |
| c (OCLC) |
sl13 |
| d (OCLC) |
MPS |